| 000 | 00563nam a22001697a 4500 | ||
|---|---|---|---|
| 003 | OSt | ||
| 005 | 20240930161934.0 | ||
| 008 | 240930b |||||||| |||| 00| 0 eng d | ||
| 040 | _c0 | ||
| 082 | _aDPer 050 R22 2000 June -December 2023 v123 no. 7124-728 | ||
| 100 |
_aGrills, Scott. _eauthor. _961839 |
||
| 245 |
_aArt of living : _bsmall business, big hearth / _cScott Grills. |
||
| 260 |
_aTaipei ; _bReader's Digest Asia, _cNovember 2023. |
||
| 300 |
_aVolume 123, pages 82-85, _billustration. |
||
| 700 |
_aGrills, Scott. _eauthor. _961839 |
||
| 942 |
_2ddc _cPER |
||
| 999 |
_c22019 _d22019 |
||